000 00686cam a2200217Ii 4500
020 _a9781413319736
020 _a1413319734
022 0 _a1939-6880
040 _cBTCTA
082 0 4 _a346 NOL 2014 A116 Or.
100 1 _aRandolph, Mary,
245 1 4 _aThe executor's guide :
_bsettling a loved one's estate or trust /
246 3 0 _aSettling a loved one's estate or trust
250 _aSixth edition
300 _a504 pages ;
_c23 cm
500 _aIncludes index
520 _a"Handle property and debts, deal with family members, save time and money with probate shortcuts"--Cover
650 0 _aExecutors and administrators
650 0 _aTrusts and trustees
942 _cAEDBB
999 _c17499
_d17499